| Tag |
First Indicator |
Second Indicator |
Subfields |
| LEADER |
00000cam a2200000 a 4500 |
| 001 |
in00001406656 |
| 005 |
20151020072834.0 |
| 008 |
941116s1994 enkab bc 000 0deng d |
| 010 |
|
|
|a 94230151
|
| 015 |
|
|
|a GB95-16074
|
| 019 |
|
|
|a 30687672
|a 32466463
|
| 020 |
|
|
|a 1870737067
|
| 035 |
|
|
|a (OCoLC)33443901
|
| 035 |
|
|
|9 AHQ3607AM
|
| 040 |
|
|
|a LNT
|c DLC
|d UKM
|d LRU
|d UtOrBLW
|
| 042 |
|
|
|a lccopycat
|
| 043 |
|
|
|a e-uk-en
|
| 049 |
|
|
|a TXAM
|
| 050 |
0 |
0 |
|a AS122
|b .L262 vol.24, pt.2
|a Z325
|
| 082 |
0 |
0 |
|a 381/.45002/0942843
|2 20
|
| 090 |
|
|
|a AS122
|b .L262 v. 24, pt. 2
|
| 100 |
1 |
|
|a Barnard, John,
|d 1936-
|
| 245 |
1 |
4 |
|a The early seventeenth-century York book trade and John Foster's inventory of 1616 /
|c John Barnard and Maureen Bell.
|
| 246 |
1 |
8 |
|a John Foster's inventory of 1616
|
| 264 |
|
1 |
|a Leeds :
|b Leeds Philosophical and Literary Society,
|c 1994.
|
| 300 |
|
|
|a vii, 108 pages :
|b illustrations, map ;
|c 25 cm.
|
| 336 |
|
|
|a text
|b txt
|2 rdacontent
|
| 337 |
|
|
|a unmediated
|b n
|2 rdamedia
|
| 338 |
|
|
|a volume
|b nc
|2 rdacarrier
|
| 490 |
1 |
|
|a Proceedings of the Leeds Philosophical and Literary Society, Literary and Historical Section ;
|v vol. 24, pt. 2, pp.17-132
|
| 500 |
|
|
|a Pages also numbered [17]-[132].
|
| 504 |
|
|
|a Includes bibliographical references.
|
| 600 |
1 |
0 |
|a Foster, John,
|d 1584?-1616.
|
| 650 |
|
0 |
|a Booksellers and bookselling
|z England
|z York
|x History
|y 16th century.
|
| 650 |
|
0 |
|a Booksellers and bookselling
|z England
|z York
|x History
|y 17th century.
|
| 650 |
|
0 |
|a Booksellers' catalogs
|z England
|z York.
|
| 600 |
1 |
4 |
|a Foster, John,
|d 1584-1616
|x Archives.
|
| 653 |
0 |
|
|a Books
|a Trades
|
| 653 |
0 |
|
|a York (England)
|
| 700 |
1 |
|
|a Bell, Maureen.
|
| 830 |
|
0 |
|a Proceedings of the Leeds Philosophical and Literary Society, Literary and Historical Section ;
|v v. 24, pt. 2.
|
| 999 |
|
|
|a MARS
|
| 999 |
f |
f |
|s 9c80b991-c5c5-3971-a2fb-29612b5b4530
|i 4f82f643-ee54-377c-b518-0771f6ab2c2f
|t 0
|
| 952 |
f |
f |
|p normal
|a Texas A&M University
|b College Station
|c Sterling C. Evans Library
|s Evans stk
|d Evans: Library Stacks
|t 0
|e AS122 .L262 v.24, pt.2
|h Library of Congress classification
|i unmediated -- volume
|m A14821286309
|
| 998 |
f |
f |
|a AS122 .L262 vol.24, pt.2
|t 0
|l Evans: Library Stacks
|